000 00625nam a2200229Ia 4500
003 OSt
005 20221007075855.0
006 a|||||r|||| 00| 0
007 ta
008 221006b |||||||| |||| 00| 0 eng d
024 _a911
037 _cTextual
040 _aFLL
_cFLL
_beng
041 _2eng
_aeng
082 _aX:517:Z2, M0
100 _aChoudhary Tapash Gan
_9694308
245 0 _aLaw of MRTP in India
260 _aNew Delhi
_bPrentice Hall of India India
_c1980
700 _a Ghosh S.K.
942 _hX:517:Z2, M0
_cTEXL
_2CC
999 _c1157677
_d1157677